<?xml version="1.0" encoding="UTF-8"?><?xml-stylesheet type="text/xsl" href="static/style.xsl"?><OAI-PMH xmlns="http://www.openarchives.org/OAI/2.0/" xmlns:xsi="http://www.w3.org/2001/XMLSchema-instance" xsi:schemaLocation="http://www.openarchives.org/OAI/2.0/ http://www.openarchives.org/OAI/2.0/OAI-PMH.xsd"><responseDate>2026-06-01T07:52:55Z</responseDate><request verb="GetRecord" identifier="oai:riuma.uma.es:10630/33681" metadataPrefix="marc">https://riuma.uma.es/rest/oai/request</request><GetRecord><record><header><identifier>oai:riuma.uma.es:10630/33681</identifier><datestamp>2026-02-03T10:48:51Z</datestamp><setSpec>com_10630_2254</setSpec><setSpec>col_10630_37953</setSpec></header><metadata><record xmlns="http://www.loc.gov/MARC21/slim" xmlns:dcterms="http://purl.org/dc/terms/" xmlns:doc="http://www.lyncode.com/xoai" xmlns:xsi="http://www.w3.org/2001/XMLSchema-instance" xsi:schemaLocation="http://www.loc.gov/MARC21/slim http://www.loc.gov/standards/marcxml/schema/MARC21slim.xsd">
   <leader>00925njm 22002777a 4500</leader>
   <datafield ind2=" " ind1=" " tag="042">
      <subfield code="a">dc</subfield>
   </datafield>
   <datafield ind2=" " ind1=" " tag="720">
      <subfield code="a">Calderón-Vázquez, Francisco José</subfield>
      <subfield code="e">author</subfield>
   </datafield>
   <datafield ind2=" " ind1=" " tag="260">
      <subfield code="c">2010</subfield>
   </datafield>
   <datafield ind2=" " ind1=" " tag="520">
      <subfield code="a">The analysis of inflationary pressures in Bolivarian Venezuela, in their origins and causes (historical and contemporary ones) has to be put into relation to the economic and monetary policy options adopted by the current Venezuelan government, in the framework of the challenges and choices a developing Economy has to face. For getting out of that complicated and involved cycle of underdevelopment. Inflationary pressures deconstruction is achieved by mean of interactions between the main aggregates and the behavior of such variables as public expenditure, prices and consumption. They are placed into relation to the socio-economic and historical background of Venezuelan development. Particularly, the "Dutch disease" theoretical and practical co-ordinates are used here.</subfield>
   </datafield>
   <datafield ind1="8" ind2=" " tag="024">
      <subfield code="a">Calderon Vázquez, Francisco J., 2010. "Círculos y Cuadraturas: Presiones inflacionarias y Enfermedad Holandesa en la Venezuela Bolivariana," Entelequia. Revista Interdisciplinar, Entelequia y Servicios Académicos Intercontinentales SL, issue 12, pages 149-169.</subfield>
   </datafield>
   <datafield ind1="8" ind2=" " tag="024">
      <subfield code="a">https://hdl.handle.net/10630/33681</subfield>
   </datafield>
   <datafield tag="653" ind2=" " ind1=" ">
      <subfield code="a">Inflación</subfield>
   </datafield>
   <datafield tag="653" ind2=" " ind1=" ">
      <subfield code="a">Venezuela</subfield>
   </datafield>
   <datafield tag="653" ind2=" " ind1=" ">
      <subfield code="a">Política monetaria</subfield>
   </datafield>
   <datafield ind2="0" ind1="0" tag="245">
      <subfield code="a">Círculos y cuadraturas: presiones inflacionarias y enfermedad holandesa en la Venezuela bolivariana</subfield>
   </datafield>
</record>
</metadata></record></GetRecord></OAI-PMH>